000 00901nam a2200265Ia 4500
003 GCL
005 20240530102521.0
008 140319s9999 xx 000 0 ara d
040 _aGCL /
_cGCL
082 0 4 _a962.054
_bق/و م
100 1 _aوجيه عتيق
245 1 0 _aالملك فاروق والمانيا النازية خمس سنوات من العلاقة السرية /
_cوجيه عتيق
260 _a[S.N] :
_bدار الفكر العربى ،
_c1992
300 _a190 ص
650 0 4 _aالعصر الحديث
650 0 4 _aمصر
650 0 4 _aتاريخ
650 0 4 _aالاحوال السياسية
650 0 4 _aالعلاقات الخارجية
650 0 4 _aالملك فاروق
650 0 4 _aالاحتلال البريطانى
650 0 4 _aالمانيا النازية
650 0 4 _aالحرب العالمية الثانية 1939 - 1945
942 _2ddc
_cBK
999 _c32819
_d32819